Love in a blue time / (Record no. 233214)

000 -LEADER
fixed length control field 00792cam a2200229 a 4500
001 - CONTROL NUMBER
control field 708513
003 - CONTROL NUMBER IDENTIFIER
control field Nust
005 - DATE AND TIME OF LATEST TRANSACTION
control field 20170305113309.0
008 - FIXED-LENGTH DATA ELEMENTS--GENERAL INFORMATION
fixed length control field 970501s1997 nyu 000 1 eng
010 ## - LIBRARY OF CONGRESS CONTROL NUMBER
LC control number 97019118
020 ## - INTERNATIONAL STANDARD BOOK NUMBER
International Standard Book Number 9780571192229
Terms of availability $22.00 ($30.00 Can.)
040 ## - CATALOGING SOURCE
Original cataloging agency DLC
Transcribing agency DLC
Modifying agency DLC
050 00 - LIBRARY OF CONGRESS CALL NUMBER
Classification number PR6061.U68
Item number L66 1997
082 00 - DEWEY DECIMAL CLASSIFICATION NUMBER
Classification number 823.914
Author Mark KUR
100 1# - MAIN ENTRY--PERSONAL NAME
Personal name Kureishi, Hanif.
245 10 - TITLE STATEMENT
Title Love in a blue time /
Statement of responsibility, etc. Hanif Kureishi.
260 ## - PUBLICATION, DISTRIBUTION, ETC.
Place of publication, distribution, etc. New York :
Name of publisher, distributor, etc. Scribner,
Date of publication, distribution, etc. 1997.
300 ## - PHYSICAL DESCRIPTION
Extent 212 p. ;
Dimensions 23 cm.
906 ## - LOCAL DATA ELEMENT F, LDF (RLIN)
a 7
b cbc
c orignew
d 1
e ocip
f 19
g y-gencatlg
942 ## - ADDED ENTRY ELEMENTS (KOHA)
Source of classification or shelving scheme
Koha item type Book
Holdings
Withdrawn status Lost status Source of classification or shelving scheme Damaged status Not for loan Collection code Permanent Location Current Location Shelving location Date acquired Total Checkouts Full call number Barcode Checked out Date last seen Date last checked out Copy number Price effective from Koha item type
            Central Library (CL) Central Library (CL) Fiction 03/05/2017 2 823.914 KUR CL248 05/21/2026 04/21/2026 04/21/2026 1 03/05/2017 Book
© 2023 Central Library, National University of Sciences and Technology. All Rights Reserved.